Educación sexual para decidir, anticonceptivos para no abortar, aborto legal para no morir : (Record no. 42759)
[ view plain ]
| 000 -LEADER | |
|---|---|
| campo de control de longitud fija | 01251nam a2200325Ia 4500 |
| 001 - NÚMERO DE CONTROL | |
| campo de control | 053060 |
| 008 - DATOS DE LONGITUD FIJA--INFORMACIÓN GENERAL | |
| campo de control de longitud fija | 221003m2018 xx 000 0 spa d |
| 035 ## - NÚMERO DE CONTROL DEL SISTEMA | |
| Número de control de sistema | CENDO_42760 |
| 041 ## - CÓDIGO DE IDIOMA | |
| Código de lengua del texto/banda sonora o título independiente | spa |
| 110 ## - ENTRADA PRINCIPAL--NOMBRE DE ENTIDAD CORPORATIVA | |
| Nombre de entidad corporativa o nombre de jurisdicción como elemento de entrada | CCOO. |
| Unidad subordinada | Confederación Sindical. |
| -- | Secretaría de Mujeres e Igualdad. |
| 9 (RLIN) | 29615 |
| 245 #0 - MENCIÓN DEL TÍTULO | |
| Título | Educación sexual para decidir, anticonceptivos para no abortar, aborto legal para no morir : |
| Resto del título | Día Mundial por el Acceso al Aborto Legal y Seguro por los Derechos Sexuales y Reproductivos / |
| Mención de responsabilidad, etc. | CCOO, Secretaría Confederal de Mujeres e Igualdad |
| 260 ## - PUBLICACIÓN, DISTRIBUCIÓN, ETC. | |
| Lugar de publicación, distribución, etc. | [Madrid : |
| Nombre del editor, distribuidor, etc. | CCOO, Confederación Sindical, |
| Fecha de publicación, distribución, etc. | 2018] |
| 300 ## - DESCRIPCIÓN FÍSICA | |
| Extensión | 2 p. ; |
| Dimensiones | 29 cm |
| 500 ## - NOTA GENERAL | |
| Nota general | 28 de septiembre, Día de la Acción Global por un Aborto Legal y Seguro |
| 650 #0 - PUNTO DE ACCESO ADICIONAL DE MATERIA--TÉRMINO DE MATERIA | |
| Término de materia o nombre geográfico como elemento de entrada | ABORTO |
| 9 (RLIN) | 4300 |
| 650 ## - PUNTO DE ACCESO ADICIONAL DE MATERIA--TÉRMINO DE MATERIA | |
| Término de materia o nombre geográfico como elemento de entrada | DERECHOS DE LA MUJER |
| 9 (RLIN) | 392 |
| 650 #0 - PUNTO DE ACCESO ADICIONAL DE MATERIA--TÉRMINO DE MATERIA | |
| Término de materia o nombre geográfico como elemento de entrada | DIA MUNDIAL POR EL ACCESO AL ABORTO LEGAL Y SEGURO |
| 9 (RLIN) | 39824 |
| 650 ## - PUNTO DE ACCESO ADICIONAL DE MATERIA--TÉRMINO DE MATERIA | |
| Término de materia o nombre geográfico como elemento de entrada | REPRODUCCION |
| 9 (RLIN) | 2949 |
| 650 ## - PUNTO DE ACCESO ADICIONAL DE MATERIA--TÉRMINO DE MATERIA | |
| Término de materia o nombre geográfico como elemento de entrada | SEXUALIDAD |
| 9 (RLIN) | 10298 |
| 650 ## - PUNTO DE ACCESO ADICIONAL DE MATERIA--TÉRMINO DE MATERIA | |
| Término de materia o nombre geográfico como elemento de entrada | AMERICA LATINA |
| 9 (RLIN) | 1230 |
| 650 ## - PUNTO DE ACCESO ADICIONAL DE MATERIA--TÉRMINO DE MATERIA | |
| Término de materia o nombre geográfico como elemento de entrada | DERECHO PENAL |
| 9 (RLIN) | 176 |
| 650 #0 - PUNTO DE ACCESO ADICIONAL DE MATERIA--TÉRMINO DE MATERIA | |
| Término de materia o nombre geográfico como elemento de entrada | MOVIMIENTO FEMINISTA |
| 9 (RLIN) | 4309 |
| 856 ## - LOCALIZACIÓN Y ACCESO ELECTRÓNICOS | |
| Nota pública | |
| Identificador Uniforme de Recursos | <a href="http://docpublicos.ccoo.es/cendoc/053060DiaMundialAborto.pdf">http://docpublicos.ccoo.es/cendoc/053060DiaMundialAborto.pdf</a> |
| 901 ## - ELEMENTOS DE DATOS A LOCAL LDA (RLIN) | |
| a | 2 |
| 903 ## - ELEMENTOS DE DATOS C LOCAL, LDC (RLIN) | |
| a | NO |
| 904 ## - ELEMENTOS DE DATOS D LOCAL, LDD (RLIN) | |
| a | 000 |
| 910 ## - DATOS DE OPCIÓN DEL USUARIO (OCLC) | |
| Datos de opción del usuario | 2018 |
| 942 ## - ELEMENTOS DE ENTRADA SECUNDARIOS (KOHA) | |
| Tipo de ítem Koha | Documento Electrónico |
| Fuente del sistema de clasificación o colocación | Clasificación Decimal Dewey |
| Estatus retirado | Estado de pérdida | Estado de daño | No para préstamo | Biblioteca de origen | Biblioteca actual | Fecha de adquisición | Total de préstamos | Código de barras | Visto por última vez | Precio de reemplazo | Tipo de ítem Koha |
|---|---|---|---|---|---|---|---|---|---|---|---|
| CENDO | CENDO | 03/02/2018 | CENDO_42760 | 05/10/2022 | 05/10/2022 | Documento Electrónico |